[Event "Pohár města Říčany 2018"]
[Site "Městské kulturní středisko U labutě"]
[Date "2019.08.26"]
[Round "4.2"]
[White "Mladek, Richard"]
[Black "Rut, Vojtech"]
[Result "1-0"]
[WhiteElo "2266"]
[BlackElo "2115"]
[PlyCount "0"]
[EventDate "2019.08.24"]

1. e4 Nf6 2. e5 Nd5 3. d4 d6 4. c4 Nb6 5. exd6 exd6 6. Nc3 Nc6 7. d5 Ne5 8. Be2
Be7 9. f4 Ng6 10. Nf3 O-O 11. O-O Bg4 12. h3 Bxf3 13. Rxf3 Re8 14. g3 Bf6
15. Be3 Qd7 16. Kg2 c5 17. Bd3 Bxc3 18. bxc3 Qa4 19. Qb3 Re7 20. Bf2 Rae8 21. g4
Nf8 22. Rb1 Qa6 23. Ra1 Nfd7 24. a4 Qa5 25. g5 g6 26. h4 f6 27. Qc2 Rb8 28. Be3
Qa6 29. a5 fxg5 30. hxg5 Nxc4 31. Ra4 Nxe3+ 32. Rxe3 Rxe3 33. Bxa6 bxa6 34. Re4
Re8 35. Rxe8+ Rxe8 36. Qa4 Rd8 37. Qc6 Nf8 38. Qxa6 Rd7 39. Kf3 Kg7 40. Qc8 Kf7
41. Ke4 Ke7 42. Qb8 Kf7 43. Kd3 Ke7 44. Kc4 Kf7 45. Kb5 Ke7 46. Kc6 Rd8
47. Qxa7+ Nd7 48. Qc7 Ke8 49. c4 Nf8 50. Qxd8+ Kxd8 51. a6 1-0

[Event "Pohár města Říčany 2018"]
[Site "Městské kulturní středisko U labutě"]
[Date "2019.08.26"]
[Round "4.3"]
[White "Stanek, Ondrej"]
[Black "Hrbek, Tomas"]
[Result "1/2-1/2"]
[BlackElo "1744"]
[EventDate "2019.08.24"]
[PlyCount "0"]
[WhiteElo "2047"]

1. e4 e5 2. Nf3 Nf6 3. Nxe5 d6 4. Nf3 Nxe4 5. Nc3 Nxc3 6. dxc3 Be7 7. Be3 Nc6 8.
Qd2 Be6 9. O-O-O a6 10. Kb1 O-O 11. Bd3 Rb8 12. h4 Ne5 13. Nxe5 dxe5 14. Qe2
Qe8 15. f4 exf4 16. Bd4 Bd6 17. Rde1 Qa4 18. b3 Qa5 19. c4 Rfe8 20. c5 Bd7 21.
Qf2 Rxe1+ 22. Rxe1 Bf8 23. Re5 Re8 24. Qxf4 Rxe5 25. Qxe5 Qd2 26. Qxc7 Bf5 27.
Bxf5 Qd1+ 28. Kb2 Qxd4+ 29. Kb1 Qd1+  1/2-1/2

[Event "Pohár města Říčany 2018"]
[Site "Městské kulturní středisko U labutě"]
[Date "2019.08.26"]
[Round "4.4"]
[White "Dunder, Ondrej"]
[Black "Vavrinec, Tomas"]
[Result "1/2-1/2"]
[WhiteElo "1717"]
[BlackElo "1994"]
[PlyCount "0"]
[EventDate "2019.08.24"]

1. Nf3 Nf6 2. d4 c5 3. d5 e6 4. c4 exd5 5. cxd5 d6 6. Nc3 g6 7. Bg5 h6 8. Bd2
Na6 9. e4 Bg7 10. Bd3 O-O 11. O-O Nc7 12. Re1 a6 13. a4 Rb8 14. Qc1 Kh7 15. h3
b5 16. Bf4 c4 17. Bb1 Bb7 1/2-1/2

[Event "Pohár města Říčany 2018"]
[Site "Městské kulturní středisko U labutě"]
[Date "2019.08.26"]
[Round "4.5"]
[White "Svetly, Jiri"]
[Black "Rodshtein, Tereza"]
[Result "1/2-1/2"]
[WhiteElo "1871"]
[BlackElo "2208"]
[PlyCount "0"]
[EventDate "2019.08.24"]

1. d4 d5 2. c4 Nc6 3. Nf3 Bg4 4. cxd5 Bxf3 5. gxf3 Qxd5 6. e3 e5 7. Nc3 Bb4
8. Bd2 Bxc3 9. bxc3 exd4 10. cxd4 Qh5 11. f4 Qxd1+ 12. Rxd1 Nf6 13. Bg2 O-O-O
14. Rc1 Rhe8 15. O-O Ne4 16. Be1 f5 17. a3 Ne7 18. f3 Nf6 19. Bd2 Nc6 20. Rfd1
Rd7 21. Kf2 g6 22. Rc5 Red8 23. Bf1 Rd5 24. Rdc1 Rxc5 25. Rxc5 Nd7 26. Rc1 Nb6
27. h4 h5 28. Rc2 Rd6 29. Bb5 Kd8 30. Rc5 Nd7 31. Rc1 Nb6 32. Rc5 Nd7 33. Rc1
Nb6 34. Rc5 1/2-1/2

[Event "Pohár města Říčany 2018"]
[Site "Městské kulturní středisko U labutě"]
[Date "2019.08.26"]
[Round "4.6"]
[White "Petr, Jakub"]
[Black "Holub, Milan"]
[Result "1-0"]
[WhiteElo "2307"]
[BlackElo "1988"]
[PlyCount "0"]
[EventDate "2019.08.24"]

1. e4 d5 2. exd5 Nf6 3. d4 Nxd5 4. c4 Nf6 5. Nf3 e6 6. Be2 Be7 7. Nc3 O-O
8. O-O b6 9. Ne5 Bb7 10. Bf3 Qc8 11. Qe2 c5 12. d5 exd5 13. cxd5 Re8 14. Nc4
Nbd7 15. Bf4 a6 16. Qd3 b5 17. Na5 c4 18. Qd1 Nc5 19. Nxb7 Nxb7 20. d6 Bf8
21. Nd5 Nxd5 22. Qxd5 Nc5 23. Be3 Nd7 24. Qxa8 Qxa8 25. Bxa8 Rxa8 26. Rfd1 Rd8
27. a4 Ne5 28. axb5 axb5 29. Ra5 Nd3 30. Rxb5 Bxd6 31. b3 1-0

[Event "Pohár města Říčany 2018"]
[Site "Městské kulturní středisko U labutě"]
[Date "2019.08.26"]
[Round "4.7"]
[White "Petras, Milan"]
[Black "Vojta, Jakub"]
[Result "0-1"]
[WhiteElo "1981"]
[BlackElo "2256"]
[PlyCount "0"]
[EventDate "2019.08.24"]

1. d4 Nf6 2. f4 d5 3. Nf3 Bf5 4. e3 e6 5. Bd3 Bd6 6. O-O O-O 7. b3 Qe7 8. Ne5
Nfd7 9. Nd2 c5 10. Qf3 Nb6 11. Bb2 f6 12. Ng4 Nc6 13. Nf2 Bxd3 14. cxd3 cxd4
15. exd4 Qc7 16. g3 e5 17. Nh3 exd4 18. Rac1 Qd7 19. Kg2 Rfe8 20. Qf2 Qf5
21. Nf3 Qxd3 22. Nhg1 Qb5 23. Nxd4 Nxd4 24. Bxd4 Re4 25. Rc2 Rae8 26. Rd1 Nc8
27. Qf1 Qd7 28. Bf2 Ne7 29. Bxa7 Qf5 30. Qd3 Nc6 31. Bc5 Bxc5 32. Rxc5 Nd4
33. b4 Qh5 34. Rf1 b6 35. Rc7 Ne6 36. Rc6 Rxb4 37. Rf2 Nc5 38. Qf3 Qxf3+
39. Nxf3 Rd8 40. Rd2 d4 41. a3 Rc4 42. Ne1 Rc1 43. Nf3 d3 44. h4 Rb1 45. Ra2 Ne4
46. Nd2 Nxd2 47. Rxd2 Rb3 48. Re6 Ra8 49. a4 Rxa4 50. Rd6 Raa3 51. Kf3 Kf8
52. Rd7 b5 53. Ke4 b4 54. h5 Rc3 55. h6 gxh6 56. Rxh7 Rc6 57. Rb7 Re6+ 58. Kd4
b3 59. Rxd3 Rd6+ 60. Ke3 Rxd3+ 61. Kxd3 b2+ 62. Ke2 Rxg3 63. Kf2 Rh3 64. Kg2 Ra3
65. Rxb2 Kg7 66. Rb5 Kg6 67. Kf2 Rh3 68. Kg2 Rh5 69. Rb1 Ra5 70. Rb3 Kf5 71. Rb6
Ra4 72. Kg3 Ra3+ 73. Kg2 h5 74. Rb8 Kxf4 75. Rh8 Rg3+ 76. Kf2 Rg6 77. Rh7 Kg4
78. Ra7 f5 79. Ra8 Rg7 80. Rh8 Ra7 81. Rh6 Ra2+ 82. Kg1 f4 83. Rh8 Ra1+ 84. Kf2
Ra2+ 85. Ke1 h4 86. Rh7 Ra1+ 87. Kf2 Ra2+ 88. Kg1 h3 89. Rg7+ Kf3 90. Rh7 Ra1+
91. Kh2 Kf2 92. Rxh3 f3 93. Rh7 Ke2 94. Re7+ Kf1 95. Rb7 f2 96. Rb2 Ke1 0-1

[Event "Pohár města Říčany 2018"]
[Site "Městské kulturní středisko U labutě"]
[Date "2019.08.26"]
[Round "4.8"]
[White "Svatos, Jan"]
[Black "Krizek, Krystof"]
[Result "1-0"]
[WhiteElo "2232"]
[BlackElo "1984"]
[PlyCount "0"]
[EventDate "2019.08.24"]

1. d4 d5 2. c4 e6 3. Nc3 Nf6 4. Bg5 Be7 5. e3 h6 6. Bh4 O-O 7. Qc2 b6 8. O-O-O
Bb7 9. f3 Qc8 10. e4 dxc4 11. Bxc4 c5 12. d5 Nxd5 13. exd5 Bxh4 14. dxe6 fxe6
15. Qg6 Bf6 16. Ne4 Bd5 17. Rxd5 Nd7 18. Rd6 Ne5 19. Nxf6+ Rxf6 20. Qxf6 1-0

[Event "Pohár města Říčany 2018"]
[Site "Městské kulturní středisko U labutě"]
[Date "2019.08.26"]
[Round "4.9"]
[White "Novotny, Martin"]
[Black "Vilimova, Julie"]
[Result "1/2-1/2"]
[BlackElo "1953"]
[EventDate "2019.08.24"]
[PlyCount "0"]
[WhiteElo "2178"]

1. d4 d5 2. c4 e6 3. Nf3 Nf6 4. Nc3 Be7 5. Bf4 O-O 6. e3 b6 7. h3 Bb7 8. cxd5
Nxd5 9. Nxd5 Bxd5 10. Bd3 Bb4+ 11. Ke2 Bd6 12. Bxd6 Qxd6 13. Rc1 h6 14. Qc2 Rc8
15. Rhd1 c5 16. Qb1 Nd7 17. e4 Bb7 18. e5 Qe7 19. Bh7+ Kh8 20. Be4 Bxe4 21.
Qxe4 cxd4 22. Qb7 Qd8 23. Rxc8 Qxc8 24. Qxc8+ Rxc8 25. Rxd4 Rc2+ 26. Kd3 Rc7
27. b4 b5 28. Ke4 Nb6 29. Nd2 Nd5 30. a3 Rc3 31. Rd3 Rc2 32. f4 Kg8 33. g3 Kf8
34. Nb3 Rc4+ 35. Kf3 Ke8 36. Nd2 Rc3 37. Rxc3 Nxc3 38. Ke3 Kd7 39. Kd3 Nd5 40.
Ne4 Kc6 41. Nd6 f6 42. Kd4 Nb6 43. Ne8 fxe5+ 44. fxe5 g6 45. Nd6 h5 46. h4 a6
47. Ne4 Nc4 48. Nc5 Nxa3 49. Nxe6 Nc2+ 50. Kc3 Ne3 51. Nf4 Nf5 52. Nxg6 Nxg3
53. Nf4 Nf5 54. Nxh5 Kd5 55. Nf6+ Kxe5 56. Nd7+ Kd6 57. Nb8 Nxh4  1/2-1/2

[Event "Pohár města Říčany 2018"]
[Site "Městské kulturní středisko U labutě"]
[Date "2019.08.26"]
[Round "4.10"]
[White "Postupa, Pavel"]
[Black "Zvolensky, David"]
[Result "1-0"]
[WhiteElo "1940"]
[BlackElo "2152"]
[PlyCount "0"]
[EventDate "2019.08.24"]

1. e4 e5 2. Nf3 Nc6 3. Bb5 a6 4. Ba4 Nf6 5. O-O Be7 6. Re1 b5 7. Bb3 d6 8. c3
O-O 9. h3 Nb8 10. d4 Nbd7 11. Nbd2 Bb7 12. Bc2 Re8 13. Nf1 Bf8 14. Ng3 g6 15. a3
c5 16. b4 Rc8 17. d5 Nb6 18. Bb3 Nfd7 19. Be3 cxb4 20. cxb4 Nc4 21. Bxc4 Rxc4
22. Nd2 Rc3 23. Nb3 Qh4 24. Na5 Ba8 25. Qd2 Rc7 26. Bg5 Rc2 27. Qe3 1-0

[Event "Pohár města Říčany 2018"]
[Site "Městské kulturní středisko U labutě"]
[Date "2019.08.26"]
[Round "4.11"]
[White "Otruba, Marek"]
[Black "Maly, Filip"]
[Result "1-0"]
[WhiteElo "2133"]
[BlackElo "1941"]
[PlyCount "0"]
[EventDate "2019.08.24"]

1. d4 Nf6 2. c4 c5 3. d5 b5 4. cxb5 a6 5. bxa6 g6 6. Nc3 Bg7 7. e4 d6 8. Nf3
O-O 9. Qc2 Nxa6 10. Bc4 Nd7 11. O-O Nb6 12. Bb5 Nb4 13. Qe2 Ra5 14. a3 Ba6
15. Bxa6 Nxa6 16. Rb1 Na4 17. Nxa4 Rxa4 18. b3 Ra5 19. b4 cxb4 20. axb4 Ra4
21. Bb2 Bxb2 22. Rxb2 Nxb4 23. Qb5 1-0

[Event "Pohár města Říčany 2018"]
[Site "Městské kulturní středisko U labutě"]
[Date "2019.08.26"]
[Round "4.12"]
[White "Cermak, Jan"]
[Black "Zizka, Petr"]
[Result "1/2-1/2"]
[WhiteElo "1912"]
[BlackElo "2081"]
[PlyCount "0"]
[EventDate "2019.08.24"]

1. e4 c5 2. Nf3 Nc6 3. Bb5 g6 4. Bxc6 bxc6 5. Nc3 Ba6 6. d3 Bg7 7. O-O d6
8. Re1 e5 9. a3 Ne7 10. b4 cxb4 11. axb4 Bb7 12. Be3 a5 13. Qb1 axb4 14. Qxb4
Qd7 15. Rxa8+ Bxa8 16. Ra1 O-O 17. Ra7 Qe8 18. Nd2 c5 19. Qb5 Nc6 20. Ra6 Qd7
21. Nd5 Rb8 22. Nb6 Qb7 23. Ndc4 Nb4 1/2-1/2

[Event "Pohár města Říčany 2018"]
[Site "Městské kulturní středisko U labutě"]
[Date "2019.08.26"]
[Round "4.13"]
[White "Stepanek, Svatopluk"]
[Black "Hadzala, Daniel"]
[Result "0-1"]
[BlackElo "2047"]
[EventDate "2019.08.24"]
[PlyCount "0"]
[WhiteElo "1822"]

1. d4 Nf6 2. Bf4 g6 3. Nc3 d5 4. e3 Bg7 5. Be2 O-O 6. h4 c5 7. h5 Nc6 8. hxg6
hxg6 9. Qd2 Re8 10. O-O-O Ne4 11. Nxe4 dxe4 12. dxc5 Qxd2+ 13. Rxd2 Be6 14. Bb5
Rec8 15. a3 a6 16. Bxc6 Rxc6 17. Ne2 Rxc5 18. Rhd1 Rcc8 19. Nc3 Bxc3 20. bxc3
Bg4 21. Rh1 f6 22. Rh4 Be6 23. Bh2 Rxc3 24. Rxe4 Kf7 25. Kb2 Rac8 26. Red4 b5
27. e4 a5 28. f3 b4 29. axb4 a4 30. R4d3 a3+ 31. Ka1 a2 32. Rxc3 Rxc3 33. Bg1
Rc4 34. Bc5 Rc3 35. Kb2 Ra3 36. Rd1 Ra8 37. Rc1 g5 38. Ka1 Bc4 39. Rd1 Rh8 40.
b5 Bxb5 41. Kxa2 Rc8 42. Bb4 Rxc2+ 43. Kb3 Rxg2 44. Rd2 Rg3 45. Rf2 g4 46. Bc5
gxf3 47. Kb4 Bd3 48. Rd2 Bxe4 49. Rd7 Ke6 50. Rxe7+ Kf5 51. Rf7 Bd5 52. Rf8
Rg4+ 53. Ka3 Rc4 54. Be7 Rc6 55. Rb8 f2  0-1

[Event "Pohár města Říčany 2018"]
[Site "Městské kulturní středisko U labutě"]
[Date "2019.08.26"]
[Round "4.14"]
[White "Groh, Jiri"]
[Black "Steiner, Juraj"]
[Result "0-1"]
[WhiteElo "2001"]
[BlackElo "1920"]
[PlyCount "0"]
[EventDate "2019.08.24"]

1. Nf3 c5 2. d4 cxd4 3. Nxd4 Nf6 4. c4 b6 5. Nc3 Bb7 6. Bg5 e6 7. f3 a6 8. e4
d6 9. Qb3 Be7 10. O-O-O O-O 11. e5 Ne8 12. Bxe7 Qxe7 13. exd6 Qxd6 14. Kb1 Qc7
15. Bd3 Nd7 16. Qc2 g6 17. Ne4 Ne5 18. h4 Rd8 19. Nb3 Bxe4 20. Bxe4 Rxd1+
21. Rxd1 Qxc4 22. Qxc4 Nxc4 23. Bb7 a5 24. Rd4 Ncd6 25. Bc6 Nf5 26. Ra4 Ned6
27. Nd2 Rc8 28. Be4 Nxh4 29. Rd4 Nxe4 30. Nxe4 Nxg2 31. Rd7 Ne1 32. Ng5 Rf8
33. f4 h6 34. Nh3 Rc8 35. Rd6 b5 36. Ra6 Nd3 37. a3 b4 38. Rd6 Rc1+ 39. Ka2 Rd1
40. Rb6 Nc1+ 41. Kb1 b3 42. Nf2 Rf1 43. Nd1 Rxd1 0-1

[Event "Pohár města Říčany 2018"]
[Site "Městské kulturní středisko U labutě"]
[Date "2019.08.26"]
[Round "4.15"]
[White "Vystrcil, Martin"]
[Black "Cervenka, Petr"]
[Result "0-1"]
[WhiteElo "2106"]
[BlackElo "1850"]
[PlyCount "0"]
[EventDate "2019.08.24"]

1. e4 e6 2. d4 d5 3. Nd2 Nf6 4. e5 Nfd7 5. c3 c5 6. Bd3 Nc6 7. Ngf3 cxd4
8. cxd4 f6 9. exf6 Nxf6 10. O-O Bd6 11. b3 O-O 12. Bb2 Nb4 13. Bb1 Bd7 14. a3
Nc6 15. Ne5 Rc8 16. f4 Be8 17. Qf3 Qb6 18. Nxc6 Bxc6 19. Qh3 Bd7 20. Kh1 Rf7
21. Qh4 Be7 22. Qe1 Bd6 23. Bd3 Bb8 24. Qh4 Qd6 25. Rf3 g6 26. Re1 Rcf8 27. Qg5
Rg7 28. g4 Bc7 29. h3 Bc6 30. Ree3 Rgf7 31. Bc3 a5 32. Qe5 Qxa3 33. Qg5 Ne4
34. Nxe4 dxe4 35. Bxe4 Rxf4 36. Rxf4 Bxf4 37. Qh4 Bxe3 0-1

[Event "Pohár města Říčany 2018"]
[Site "Městské kulturní středisko U labutě"]
[Date "2019.08.26"]
[Round "4.16"]
[White "Elias, Jakub"]
[Black "Voracek, Zdenek"]
[Result "1-0"]
[BlackElo "1938"]
[EventDate "2019.08.24"]
[PlyCount "0"]
[WhiteElo "1836"]

1. e4 Nf6 2. Nc3 d5 3. e5 d4 4. exf6 dxc3 5. fxg7 cxd2+ 6. Bxd2 Bxg7 7. Qf3 Qd4
8. Bc3 Qg4 9. Bxg7 Qxg7 10. O-O-O c6 11. Bc4 O-O 12. Qg3 Bf5 13. Ne2 b5 14. Bd3
Qxg3 15. Nxg3 Bg6 16. Rhe1 e6 17. h4 Na6 18. Bxg6 hxg6 19. h5 gxh5 20. Nxh5
Rfd8 21. Nf6+ Kf8 22. Ng4 Nb4 23. a3 Nd5 24. Ne5 Ne7 25. Rh1 f6 26. Rh8+ Ng8
27. Nxc6 Rxd1+ 28. Kxd1 Kg7 29. Rh3 a6 30. Nd4 e5 31. Nf5+ Kg6 32. Ne3 Ne7 33.
c3 f5 34. Rh1 e4 35. g3 Nc6 36. Ng2 Rd8+ 37. Ke2 Ne5 38. Nf4+ Kf7 39. Rh5 Nf3
40. Rxf5+ Ke7 41. Rd5 Rh8 42. Ng6+ Ke6 43. Nf4+ Ke7 44. Ke3 Rh2 45. Rh5 Rxh5
46. Nxh5 Ne5 47. Kxe4 Nc4 48. b4 Nxa3 49. f4 Nc4 50. g4 Nd2+ 51. Kf5 Nb1 52.
Kg6 Nxc3 53. f5 a5 54. f6+ Kf8 55. Nf4  1-0

[Event "Pohár města Říčany 2018"]
[Site "Městské kulturní středisko U labutě"]
[Date "2019.08.26"]
[Round "4.17"]
[White "Nemecek, Pavel"]
[Black "Toulec, Stanislav"]
[Result "1/2-1/2"]
[WhiteElo "1801"]
[BlackElo "1930"]
[PlyCount "0"]
[EventDate "2019.08.24"]

1. e4 d5 2. exd5 Nf6 3. Nc3 Nxd5 4. Bc4 e6 5. Nf3 Be7 6. O-O O-O 7. Qe2 c6
8. d4 b5 9. Nxd5 exd5 10. Bd3 Bg4 11. Re1 Bf6 12. c3 Nd7 13. h3 Bxf3 14. Qxf3 g6
15. Bh6 Bg7 16. Bxg7 Kxg7 17. a4 a6 18. Qg3 Qb8 19. Qxb8 Rfxb8 20. Re7 Nf6
21. axb5 axb5 22. Raa7 Rxa7 23. Rxa7 Re8 24. Kf1 Ne4 1/2-1/2

[Event "Pohár města Říčany 2018"]
[Site "Městské kulturní středisko U labutě"]
[Date "2019.08.26"]
[Round "4.18"]
[White "Rerabek, Jaroslav"]
[Black "Tejkal, Jiri"]
[Result "0-1"]
[WhiteElo "1733"]
[BlackElo "1881"]
[PlyCount "0"]
[EventDate "2019.08.24"]

1. d4 Nf6 2. Bf4 d6 3. c3 g6 4. Qc1 Bg7 5. Bh6 O-O 6. Bxg7 Kxg7 7. e3 b6 8. Be2
Ba6 9. Bxa6 Nxa6 10. h4 h5 11. Nd2 e5 12. Qc2 exd4 13. cxd4 Nb4 14. Qc4 a5
15. a3 d5 16. Qb3 Na6 17. Ngf3 c5 18. O-O Ng4 19. e4 dxe4 20. Nxe4 cxd4 21. Rad1
Nc5 22. Qc2 Ne6 23. Qd2 Rc8 24. Nxd4 Nxd4 25. Qxd4+ Qxd4 26. Rxd4 Rc2 27. Rd2
Rfc8 28. Rxc2 Rxc2 29. f3 Ne3 30. Rf2 Rc1+ 31. Kh2 Nf1+ 32. Kh3 Ne3 33. g4 Rh1+
34. Kg3 hxg4 35. fxg4 Rg1+ 36. Kf4 Nxg4 37. Re2 Nf6 38. Nxf6 Kxf6 39. Rc2 Re1
40. b4 axb4 41. axb4 Re6 42. Rc7 Rd6 43. Rc4 Ke6 44. Ke4 Kd7 45. Ke5 f6+ 46. Ke4
Rc6 47. Rd4+ Ke6 48. Kf4 b5 49. Ke3 Rc3+ 50. Kd2 Rc6 51. Ke3 Rc3+ 52. Kd2 Rc6
53. Ke3 f5 54. Kd3 Ke5 55. Rd8 Rc4 56. Rh8 Rxb4 57. h5 gxh5 58. Rxh5 Rb3+
59. Kc2 Rg3 60. Rh8 b4 61. Rb8 b3+ 62. Kb1 b2 0-1

[Event "Pohár města Říčany 2018"]
[Site "Městské kulturní středisko U labutě"]
[Date "2019.08.26"]
[Round "4.19"]
[White "Stork, Rostislav"]
[Black "Lhotsky, Frantisek"]
[Result "1-0"]
[WhiteElo "1724"]
[BlackElo "1865"]
[PlyCount "0"]
[EventDate "2019.08.24"]

1. e4 d6 2. d4 Nf6 3. Nc3 g6 4. f3 c6 5. Bc4 b5 6. Bb3 Nbd7 7. Nge2 b4 8. Na4
a5 9. O-O Ba6 10. Be3 Bg7 11. Re1 O-O 12. Qd2 Qc7 13. Bh6 c5 14. Bxg7 Kxg7
15. c3 Bb5 16. c4 Bc6 17. d5 Bb7 18. Bc2 Ne5 19. b3 h5 20. f4 Neg4 21. Nc1 e5
22. h3 Nh6 23. fxe5 dxe5 24. Nd3 Nd7 25. Qe3 Rac8 26. Rf1 f5 27. Qg5 Nf7 28. Qe3
f4 29. Qf2 {cerny prekrocil cas} 1-0

[Event "Pohár města Říčany 2018"]
[Site "Městské kulturní středisko U labutě"]
[Date "2019.08.26"]
[Round "4.20"]
[White "Bartos, Vaclav"]
[Black "Vlkova, Anezka"]
[Result "0-1"]
[WhiteElo "1809"]
[BlackElo "1973"]
[PlyCount "0"]
[EventDate "2019.08.24"]

1. d4 e6 2. c4 Nf6 3. Nf3 d5 4. g3 dxc4 5. Bg2 a6 6. Qc2 b5 7. a4 Bb7 8. Nbd2
Nc6 9. O-O Nb4 10. Qb1 c5 11. b3 c3 12. Ba3 cxd2 13. Nxd2 Bxg2 14. Kxg2 cxd4
15. Nf3 Rc8 16. Rd1 Nc6 17. Bxf8 Kxf8 18. e3 Qd5 19. exd4 g5 20. Qc1 g4 21. Qh6+
Ke7 0-1

[Event "Pohár města Říčany 2018"]
[Site "Městské kulturní středisko U labutě"]
[Date "2019.08.26"]
[Round "4.21"]
[White "Hejsek, Lukas"]
[Black "Kalvach, Ladislav"]
[Result "1-0"]
[WhiteElo "1948"]
[BlackElo "1784"]
[PlyCount "0"]
[EventDate "2019.08.24"]

1. d4 Nf6 2. Nf3 e6 3. g3 d5 4. Bg2 Be7 5. O-O O-O 6. c4 c6 7. Nc3 Nbd7 8. Nd2
b6 9. e4 dxe4 10. Ndxe4 Bb7 11. Bf4 Nxe4 12. Nxe4 Nf6 13. Qc2 Nxe4 14. Qxe4 Bd6
15. Rad1 Qc7 16. Bxd6 Qxd6 17. a3 a5 18. Qc2 Qc7 19. c5 b5 20. Be4 g6 21. Qc3
Rad8 22. f4 Rd7 23. Rd2 Qd8 24. b4 a4 25. Rfd1 Qc7 26. Qe3 Re8 27. Bf3 Rde7
28. Qe5 Qd8 29. g4 Rd7 30. g5 f6 31. Qe3 fxg5 32. fxg5 Qc7 33. Rf2 Rde7 34. Qe5
Rf8 35. Bg4 Qxe5 36. dxe5 Rxf2 37. Kxf2 Kf7 38. Rd6 Re8 39. h4 Re7 40. Ke3 Re8
41. h5 Re7 42. h6 Bc8 43. Rxc6 Bd7 44. Rc7 Be8 45. Rc8 Rd7 46. c6 Rd5 47. Bxe6+
Kxe6 48. Rxe8+ Kf5 49. c7 Kxg5 50. c8=Q Kxh6 51. Qg4 1-0

[Event "Pohár města Říčany 2018"]
[Site "Městské kulturní středisko U labutě"]
[Date "2019.08.26"]
[Round "4.22"]
[White "Skala, Jaromir"]
[Black "Nemecek, Lukas"]
[Result "1/2-1/2"]
[WhiteElo "1899"]
[BlackElo "1778"]
[PlyCount "0"]
[EventDate "2019.08.24"]

1. d4 f5 2. Nf3 d5 3. g3 Nf6 4. Bg2 e6 5. O-O Bd6 6. b3 Qe7 7. c4 c6 8. a4 O-O
9. Ba3 Nbd7 10. Bxd6 Qxd6 11. Qc2 Ne4 12. Nbd2 b6 13. Rac1 c5 14. cxd5 exd5
15. e3 Ba6 16. Rfe1 Rac8 17. Qb2 Rfe8 18. Bh3 Nxd2 19. Qxd2 g6 20. Bg2 c4 21. b4
Bb7 22. h4 Qc6 23. b5 Qd6 24. Qc3 a6 25. Ra1 a5 1/2-1/2

[Event "Pohár města Říčany 2018"]
[Site "Městské kulturní středisko U labutě"]
[Date "2019.08.26"]
[Round "4.23"]
[White "Ocelak, Jakub"]
[Black "Smolik, Jachym"]
[Result "1-0"]
[WhiteElo "1781"]
[BlackElo "1891"]
[PlyCount "0"]
[EventDate "2019.08.24"]

1. e4 c5 2. d4 cxd4 3. c3 dxc3 4. Nxc3 e6 5. Nf3 a6 6. Be3 b5 7. a3 Bb7 8. Bd3
d6 9. O-O Nd7 10. Qe2 Ngf6 11. Rfd1 Be7 12. Rac1 O-O 13. Bf4 e5 14. Bg5 h6
15. Bxf6 Nxf6 16. Bc2 Qb6 17. Bb3 g5 18. Nd2 Ne8 19. Nf1 Ng7 20. Ne3 Kh7
21. Ned5 Bxd5 22. Nxd5 Qd8 23. Rc7 Re8 24. Re1 Ne6 25. Qf3 Kg8 26. Rxe7 Rxe7
27. Qf6 Raa7 28. Qxh6 Rec7 29. Rd1 Ng7 30. Nf6+ Kf8 31. Qh8+ Ke7 32. Qxg7 1-0

[Event "Pohár města Říčany 2018"]
[Site "Městské kulturní středisko U labutě"]
[Date "2019.08.26"]
[Round "4.24"]
[White "Reljic, Michael"]
[Black "Day, Tobias"]
[Result "1-0"]
[WhiteElo "1890"]
[BlackElo "1761"]
[PlyCount "0"]
[EventDate "2019.08.24"]

1. e4 c5 2. Nf3 d6 3. c3 Nf6 4. Be2 Nc6 5. d3 e5 6. h3 Be7 7. Be3 O-O 8. O-O d5
9. exd5 Nxd5 10. Nbd2 f5 11. Nc4 Qc7 12. Rc1 Be6 13. Bg5 Rad8 14. Qc2 b5
15. Bxe7 Ndxe7 16. Ng5 Bf7 17. Nd2 Nd5 18. Nxf7 Rxf7 19. Rfe1 Kh8 20. Nf3 Rfd7
21. d4 e4 22. Ng5 Qd6 23. Bxb5 cxd4 24. cxd4 Nxd4 25. Bxd7 Nxc2 26. Nf7+ Kg8
27. Nxd6 Nxe1 28. Be6+ Kf8 29. Nb7 Rb8 30. Bxd5 Nd3 31. Rc7 1-0

[Event "Pohár města Říčany 2018"]
[Site "Městské kulturní středisko U labutě"]
[Date "2019.08.26"]
[Round "4.25"]
[White "Matys, Jakub"]
[Black "Kovar, Jan"]
[Result "1-0"]
[WhiteElo "1772"]
[BlackElo "1885"]
[PlyCount "0"]
[EventDate "2019.08.24"]

1. c4 e6 2. d4 d5 3. Nf3 Nf6 4. Nc3 c6 5. g3 dxc4 6. Bg2 Nbd7 7. O-O Be7 8. e4
b5 9. d5 exd5 10. exd5 Nxd5 11. Nxd5 cxd5 12. Qxd5 Nb6 13. Qxb5+ Bd7 14. Qh5 Rc8
15. Ne5 Be6 16. Bc6+ Kf8 17. Rd1 Bd6 18. Bf4 Kg8 19. Rd2 g6 20. Qd1 1-0

[Event "Pohár města Říčany 2018"]
[Site "Městské kulturní středisko U labutě"]
[Date "2019.08.26"]
[Round "4.26"]
[White "Strnad, Michael"]
[Black "Salac, Jiri"]
[Result "1/2-1/2"]
[WhiteElo "1726"]
[BlackElo "1881"]
[PlyCount "0"]
[EventDate "2019.08.24"]

1. d4 d5 2. c4 c6 3. cxd5 cxd5 4. Nc3 Nf6 5. Nf3 e6 6. Bf4 a6 7. e3 b5 8. Bd3
Bb7 9. O-O Bd6 10. Bxd6 Qxd6 11. Ne5 Nbd7 12. f4 O-O 13. a3 Ne4 14. Nxe4 dxe4
15. Be2 Nb6 16. Qd2 Bd5 17. Rfc1 f6 18. Ng4 Rac8 19. Nf2 f5 20. Rxc8 Rxc8
21. Rc1 Rc6 22. Nd1 Rxc1 23. Qxc1 Bc4 24. Bxc4 Nxc4 25. Nc3 h6 26. h3 g5 27. g3
Qe7 28. Ne2 Qd6 29. Kh2 1/2-1/2

[Event "Pohár města Říčany 2018"]
[Site "Městské kulturní středisko U labutě"]
[Date "2019.08.26"]
[Round "4.27"]
[White "Jirousek, Tadeas"]
[Black "Otrubova, Kristyna"]
[Result "1-0"]
[WhiteElo "1856"]
[BlackElo "1712"]
[PlyCount "0"]
[EventDate "2019.08.24"]

1. e4 c5 2. Nf3 d6 3. d4 cxd4 4. Nxd4 Nf6 5. Nc3 g6 6. Be2 Bg7 7. O-O O-O
8. Be3 Nc6 9. Kh1 d5 10. Nxc6 bxc6 11. e5 Nd7 12. f4 f6 13. exf6 Nxf6 14. Na4
Ne4 15. c3 Qc7 16. Bf3 Nd6 17. Bxd5+ Kh8 18. Bb3 Nf5 19. Qe2 e5 20. Bc5 Rd8
21. fxe5 Bxe5 22. g4 Nh6 23. Rae1 Bg7 24. h3 Bb7 25. Qg2 Rd7 26. Qf3 Ba6 27. Rf2
Rad8 28. Be6 Rd3 29. Qg2 Rd1 30. Qe4 R8d3 31. g5 Nf5 32. Bxf5 Qb8 33. Bg4 Bb5
34. Re2 Rxh3+ 35. Bxh3 Bxe2 36. Qxe2 1-0